000 00821nam a2200241 u 4500
005 20240910063922.0
008 080513s2005 es r 000 0 spa d
020 _a8466747753
035 _aUPN01000155851
049 _aI
050 4 _aPZ36.3
_bW4.2
100 1 _aWensell, Ulises,
_d1945-2011
_933271
245 1 3 _aLa casita de pelusa /
_cUlises Wensell y Ursel Scheffler ; tr. Juan Ignacio Luca de Tena.
260 _aMadrid :
_bAnaya,
_c2005.
300 _a[12] p. :
_bprincipalmente il. col.
440 0 _aMi primera sopa
534 _pTraducción de:
_tWer hat zeit fur den kleinen baren
650 4 _aCuentos infantiles alemanes
_98589
650 0 _aAnimales
_vCuentos y leyendas
_9234
650 4 _aOsos
_vCuentos y leyendas
_910810
700 1 _aScheffler, Ursel,
_d1938-
_ecoaut.
_933272
905 _aInfantil
999 _c127965
_d127965